Vocabulary Blitz XLIII Quiz Stats

Quiz Updated Jun 1, 2018

Challenge
Share
Tweet
Embed
Score 0/5 Timer 01:00
3 Plays Today
% Correct
bravado
88.8%
travail
83.1%
gravitas
82.4%
travesty
80.4%
bravura
72.5%

You're not logged in!

Compare scores with friends on all Sporcle quizzes.
Join for Free
OR
Log In

You Might Also Like...

Show Comments

Extras

Top Quizzes Today


Score Distribution

Your Account Isn't Verified!

In order to create a playlist on Sporcle, you need to verify the email address you used during registration. Go to your Sporcle Settings to finish the process.

Report this User

Report this user for behavior that violates our Community Guidelines.

Details: